00274nam a22001097a 4500003000400000020001800004082001400022100004200036245002700078260005100105300000800156SGT a9789352666775 a920bK18C aचौरसिया, दीपक  aकूड़ा धन bप्रभात प्रकाशनc2018 a182